banner-ar

الحجة فى القراءات السبع / (Record no. 42175)

MARC details
000 -الفاتح
حقل البيانات ثابتة الطول 00641nam a2200181Ia 4500
008 - عناصر البيانات ثابتة الطول - معلومات عامة
حقل البيانات ثابتة الطول 140319s9999 xx 000 0 ara d
040 ## - مصدر الفهرسة
وكالة الفهرسة الأصلية GCL /
وكالة النسخ GCL
082 04 - رقم تصنيف ديوى العشرى
رقم التصنيف 228.1
رقم المادة ا ح
100 1# - المدخل الرئيسى - إسم شخصى
الإسم الشخصى عبدالعال سالم مكرم
245 10 - بيان العنوان
العنوان الحجة فى القراءات السبع /
بيان المسئوليه,etc عبدالعال سالم مكرم
700 1# - المدخل الاضافى - اسم شخصى
الإسم الشخصى ابن خالوية : ابوعبدالله الحسين بن احمد بن خالوية بن حمدانى الهمذانى
300 ## - الوصف المادى
التعداد 416 ص
490 ## - بيان السلسلة
عنوان السلسلة كتاب
رقم المجلد/ التعيين التسلسلي 0
650 04 - المدخل الاضافى بالموضوع-مصطلح موضوعى
مصطلح موضوعي الاسلام
650 04 - المدخل الاضافى بالموضوع-مصطلح موضوعى
مصطلح موضوعي القران، القراءات والتجويد
942 ## - عناصر المدخل الإضافي( كوها)
مصدر التصنيف او مخطط الترفيف Dewey Decimal Classification
Koha [default] item type كتاب
Holdings
حالة التراجع حالة الفقد حالة تلف ليس للاعارة المكان المؤقت الموقع الحالى تاريخ الاكتساب اجمالي اﻻعارات رقم الطلب الباركود تاريخ اخر مشاهدة تاريخ تفعيل السعر نوع وعاء كوها
        مكتبة القاهرة الكبرى مكتبة القاهرة الكبرى 03/26/2014   228.1\ا ح 101945 03/26/2014 03/26/2014 كتاب

Powered By

EGPV